00746cam a22002172 4500001001100000005001700011008004100028020001700069040001500086245013600101250001300237260003400250300001700284650004500301650004100346650004800387700002800435700003100463700003100494852000300525000002114620151217152226.0120116s xx 000 0 eng d a8182743878 : aKABUcKABU10aDisaster management and sustainabe development :bemerging issues and concerns /cedited by Rajesh Anand, N. C. Jana, Sudhir Singh. a1st ed. aNew Delhi :bPentagon,c2009. axxi, 229 p. 0aEmergency managementzIndia.@0000181864 0aNatural disasterzIndia.@0000181865 0aSustainable developmentzIndia.@00001672631 aJana, N. C.@00001818661 aSingh, Sudhir.@00001818671 aAnand, Rajesh.@00001818681